| 000 | 00499 a2200145 4500 | ||
|---|---|---|---|
| 020 | _a8189915126 (paperback) | ||
| 020 | _a9788189915124 (paperback) | ||
| 090 |
_c5786 _d5786 |
||
| 100 | 1 | _aKundu, Surinder Singh. | |
| 245 | 1 | 0 |
_aMarket competitiveness in new world trade order / _cSurinder Singh Kundu. |
| 260 |
_a[S.l.] : _bRegal Publications, _c2007. |
||
| 300 | _a192 p. | ||
| 856 | 4 | 0 |
_3Amazon.com _uhttp://www.amazon.com/exec/obidos/ASIN/8189915126/chopaconline-20 |
| 942 |
_aNBS _cBK _k338.45 KUN |
||
| 999 |
_c348186 _d348186 |
||